Statistics for Movies by Soundtrack

Click here to take the quiz!

General Stats

  • This quiz has been taken 21,560 times
    (5,972 since last reset)
  • The average score is 12 of 20

Answer Stats

Songs Movie % Correct
Eye of the Tiger; Living in AmericaRocky IV
92%
Do-Re-Mi; EdelweissThe Sound of Music
88%
(I've Had) The Time of My Life; Hungry EyesDirty Dancing
83%
Danger Zone; Take my Breath AwayTop Gun
78%
Part of Your World; Under the SeaThe Little Mermaid
78%
Beauty School Dropout; Hopelessly Devoted to YouGrease
77%
Mrs. Robinson; The Sound of SilenceThe Graduate
76%
Stayin' Alive; How Deep is Your LoveSaturday Night Fever
73%
Time Warp; Sweet TransvestiteThe Rocky Horror Picture Show
66%
Jet Song; MariaWest Side Story
62%
Cantina Band; The Land of the SandpeopleStar Wars
61%
All That Jazz; Cell Block TangoChicago
59%
Bohemian Rhapsody; Foxy LadyWayne's World
48%
Ring of Fire; Cocaine BluesWalk the Line
44%
Blame Canada; What Would Brian Boitano Do?South Park
43%
Maniac; Lady, Lady, LadyFlashdance
43%
Jai Ho; Paper PlanesSlumdog Millionaire
39%
I Believe I Can Fly; Fly Like an EagleSpace Jam
37%
Under the Boardwalk; Wind Beneath my WingsBeaches
36%
Twist and Shout; Oh YeahFerris Bueller's Day Off
33%

Score Distribution

Percentile by Number Answered

Percent of People with Each Score

Your Score History

You have not taken this quiz since the last reset